1683 1026 1484 1761 1509 1268 1839 1532 1961 1238 1009 1604 1595 1486 1794 1457 1843 1455 1223 1969 1617 1743 1726 1799 1134 1571 1695 1629 1881 1835 1876 1151 1774 1044 1824 1729 1250 1898 1745 1662 1734 1023 1408 1718 1768 1964 1844 1361 1723 1614 1418 1988 1814 1645 1581 1438 1541 1744 1114 1237 1014 1525 1316 1475 1290 1586 1432 1378 1458 1804 1331 1354 1704 1820 1560 1699 1258 1432 1109 1614 1997 1108 1773 1674 1510 1270 1720 1712 1723 1240 1588 1857 1163 1420 1195 1672 1233 1622 1267 BCNSPRNW ULIB Ver.6.0+V

เปลี่ยนเป็นภาษาไทย

Change to English
 แสดงรายละเอียดบรรณานุกรม
  กลับหน้าหลัก

Brief Record : Get Marc (ISO 2709) : E-mail record : QR code < ปิดหน้าต่าง
LEADER : 00000nam 2200000uu 4500
001    13399125957
003     ULIB
008    020711s2560 th a 000 0 tha d
060    ^aWY20.5^bข226น
100    ^aขนิษฐา นันนทบุตร และคณะ
245    ^aแนวทางการพัฒนานวัตกรรมการสร้างเสริมสุขภาพสำหรับพยาบาล
250    พิมพ์ครั้งที่ 2
260    ^aกรุงเทพฯ :^bสภาการพยาบาล,^c2560
300    ^a84 หน้า;^c30 ซม.
650    ^aพยาบาล-นวัตกรรม
945    ^p0^l0^i003397
999    ^aประนอม เกษจรัล
รายการนี้ยังไม่มีแท็ก
คุณยังไม่ได้ล็อกอิน คุณสามารถมีกิจกรรมร่วมกับเว็บไซต์ได้ แต่ต้องล็อกอินก่อน ::
  ล็อกอิน

รายการสื่อสารสนเทศ

ลำดับที่ ประเภท เลขเรียก/บาร์โค้ด สถานที่ สถานะ
1. วิทยาศาสตร์การแพทย์ และสุขภาพ
วิทยาศาสตร์การแพทย์ และสุขภาพ
WY20.5 ข226น ฉ.1 
  Barcode: 003397
ห้องสมุดวิทยาเขตสวรรค์ประชารักษ์
►หนังสือทั่วไป
บนชั้น

รายการใกล้เคียง
    หัวเรื่อง [พยาบาล-นวัตกรรม]

BibComment


ยังไม่เคยถูกคอมเมนท์

คอมเมนท์ทรัพยากรรายการนี้
  คอมเมนท์: แนวทางการพัฒนานว..


 Copyright 2026. Bcnsprnw @Library